01146nam a2200301Ia 450000100060000000300090000600800410001504000130005604000130006904100130008210000210009510000290011624000300014524000350017524200290021024200330023924200080027224500720028024500710035225000110042326000110043426000120044526000490045730000430050650002290054965000350077865000310081357314IT-RoPAU130308s9999 xx 000 0 und d aIT-RoPAU cIT-RoPAU aITALIANO aMcLuhan Marshall gCodice Aut. SPICS: 3935 aFROM CLICHE' to ARCHETYPE gCodice Tit. Orig. Spics: T1172 aDU CLICHE' a L'ARCHETYPE nCod. Traduzione Titolo: 4919 yFRA aDal clichè all'archetipo-L'uomo tecnologico nel villaggio globale bDal Cliche' All'Archetipo-L'Uomo tecnologico nel villaggio Globale a1a ed. aMILANO bSugarco c1987 [1° Ed.:1987 - Ed.Ling.Originale:1970] a"270 p. (prefazione: no ; testo: 270)" aAmbiente Anestesia Assurdo Casistica o Sofisma Metafora Coscienza dubbio Emozione sentimento Endiadi Generi Identità Introduzione Jokes Love Mimesi mimo Occhio Orecchio paradosso parodia Pubblico Ricupero Rigattiere Teatro aSAGGI DI COMUNICAZIONE SOCIALE eCodice materia Spics: 3807